[Event "DEM U10/U10w 2014"]
[Site "Magdeburg GER"]
[Date "2014.06.11"]
[Round "6"]
[White "Unbehend, Marius"]
[Black "Münch, Michelle"]
[Result "1-0"]
[Termination "normal"]
[Board "49"]
[WhiteElo "796"]
[BlackElo "858"]
[PlyCount "89"]
[WhiteFideId "16214420"]
[EventCountry "GER"]
[EventRounds "11"]
[EventType "swiss"]
[EventDate "2014.06.07"]

1. e4 e5 2. Nf3 Nc6 3. Bc4 Nf6 4. d3 Bc5 5. Bg5 d6 6. Nc3 Be6 7. Bb5 O-O 8.
Bxc6 bxc6 9. Qd2 d5 10. exd5 cxd5 11. O-O-O d4 12. Ne4 Qb8 13. b3 Qb6 14. Nxe5
Ba3+ 15. Kb1 Bxb3 16. cxb3 Nxe4 17. dxe4 Bb4 18. Qc2 Qb5 19. Bd2 d3 20. Nxd3
Ba3 21. Nb2 Rac8 22. Bc3 c5 23. Rd5 Rfd8 24. Rhd1 Re8 25. Qd3 Qxd3+ 26. R1xd3
c4 27. bxc4 h6 28. Rg3 g6 29. f4 Re7 30. f5 Rb7 31. Rb5 Bd6 32. Rg4 h5 33. Rg5
Be7 34. Rg3 Bh4 35. Rh3 Rxb5 36. cxb5 Bf2 37. Nd3 Be3 38. Rxe3 Rxc3 39. Kb2 Rc7
40. Rg3 Rb7 41. a4 a6 42. Ne5 g5 43. Rxg5+ Kf8 44. f6 axb5 45. a5 {es folgte 45
...axb4 e.p. 46.Ka3 Tb3+ 47.Kxa4 Te3 48.Sd7+ Ke8 49.Sc5 Kd8 50.Tg8+ Kc7 51.Tf8
Kc6 52.Txf7 Kxc5 53.Te7 Kd6 54.Te8 Td3 55.Td8+ Ke6 56.Txd3 Kxf6 57.Tf3+ Ke5 58.
Tf8 Kxe4 59.h3 Ke5 60.g4 hxg4 61.hxg4 Ke6 62.g5 Ke7 63.Tf1 Ke8 64.g6} 1-0

[Event "DEM U10/U10w 2014"]
[Site "Magdeburg GER"]
[Date "2014.06.11"]
[Round "7"]
[White "Keymer, Vincent"]
[Black "Dobrikov, Marco"]
[Result "1-0"]
[Termination "normal"]
[Board "1"]
[WhiteElo "2036"]
[BlackElo "1695"]
[WhiteClock "00:58:56"]
[BlackClock "01:00:43"]
[PlyCount "119"]
[WhiteFideId "12940690"]
[BlackFideId "12950378"]
[EventCountry "GER"]
[EventRounds "11"]
[EventType "swiss"]
[EventDate "2014.06.07"]

1. d4 Nf6 2. Nf3 e6 3. c4 Bb4+ 4. Nbd2 b6 5. a3 Bxd2+ 6. Qxd2 Bb7 7. e3 d6 8.
b4 Nbd7 9. Be2 O-O 10. Bb2 Qe7 11. O-O Rac8 12. Rfd1 Rfd8 13. b5 c5 14. bxc6
Rxc6 15. a4 Ba6 16. Qb4 Qf8 17. Bf1 Rdc8 18. Rac1 Bb7 19. Ba3 d5 20. Qb2 Qd8
21. cxd5 Nxd5 22. Bb5 Nc3 23. Bxc6 Nxd1 24. Bxb7 Nc5 25. Rxd1 Nxb7 26. Rc1
Rxc1+ 27. Qxc1 h6 28. Ne5 f6 29. Nc6 Qe8 30. Ne7+ Kh8 31. Qc8 Nd8 32. h3 Kh7
33. Qc2+ f5 34. e4 g6 35. d5 exd5 36. exf5 g5 37. f6+ Kh8 38. Qg6 Qxg6 39.
Nxg6+ Kh7 40. Ne5 Kg8 41. Kf1 Nf7 42. Nxf7 Kxf7 43. Bb2 a6 44. g4 b5 45. axb5
axb5 46. Ke2 b4 47. f4 b3 48. Kf3 Ke6 49. h4 gxh4 50. g5 hxg5 51. fxg5 Kf7 52.
Kg4 d4 53. Bxd4 b2 54. Bxb2 Kg6 55. Kxh4 Kf7 56. Kh5 Kg8 57. g6 Kf8 58. g7+ Kf7
59. Kh6 Kg8 60. Ba1 1-0

[Event "DEM U10/U10w 2014"]
[Site "Magdeburg GER"]
[Date "2014.06.11"]
[Round "7"]
[White "Trifan, Andrei Ioan"]
[Black "Svane, Frederik"]
[Result "1-0"]
[Termination "normal"]
[Board "2"]
[WhiteElo "1689"]
[BlackElo "1801"]
[WhiteClock "01:00:11"]
[BlackClock "01:11:25"]
[PlyCount "109"]
[WhiteFideId "12967068"]
[BlackFideId "12923044"]
[EventCountry "GER"]
[EventRounds "11"]
[EventType "swiss"]
[EventDate "2014.06.07"]

1. e4 c5 2. Nf3 e6 3. d4 cxd4 4. Nxd4 a6 5. c4 Nf6 6. Nc3 Bb4 7. Qc2 Qc7 8. a3
Bxc3+ 9. Qxc3 Nxe4 10. Nb5 axb5 11. Qxg7 Rf8 12. Bh6 Qc5 13. f3 Nf2 14. b4 Qe7
15. Kxf2 Nc6 16. Qxf8+ Qxf8 17. Bxf8 Kxf8 18. Be2 bxc4 19. Bxc4 d5 20. Bd3 Bd7
21. Rhc1 Kg7 22. b5 Ne5 23. Be2 Nc4 24. Bxc4 dxc4 25. a4 e5 26. Rxc4 Bxb5 27.
axb5 Rxa1 28. Rc7 Rb1 29. Rxb7 Rb3 30. Ke2 Kg6 31. Rb8 f5 32. b6 h6 33. Kd2 Kg7
34. Kc2 Rb4 35. Kc3 Rb1 36. Kc4 e4 37. fxe4 fxe4 38. Kd4 Rb4+ 39. Kc5 Rb3 40.
Re8 e3 41. Kc6 Kf7 42. Re4 Rc3+ 43. Kb7 Kf6 44. Kb8 Kf5 45. Re8 Kf4 46. b7 Rc2
47. Ka7 Ra2+ 48. Kb6 Rb2+ 49. Kc6 Rc2+ 50. Kd7 Rd2+ 51. Ke7 e2 52. b8=Q+ Kg4
53. h3+ Kg5 54. Qe5+ Kg6 55. Rg8+ 1-0

[Event "DEM U10/U10w 2014"]
[Site "Magdeburg GER"]
[Date "2014.06.11"]
[Round "7"]
[White "Weishäutel, Moritz"]
[Black "Li, Simon"]
[Result "0-1"]
[Termination "normal"]
[Board "3"]
[WhiteElo "1801"]
[BlackElo "1814"]
[WhiteClock "00:16:49"]
[BlackClock "00:51:12"]
[PlyCount "66"]
[WhiteFideId "12967300"]
[BlackFideId "12972134"]
[EventCountry "GER"]
[EventRounds "11"]
[EventType "swiss"]
[EventDate "2014.06.07"]

1. e4 c5 2. Nf3 d6 3. d4 cxd4 4. Nxd4 Nf6 5. Nc3 g6 6. f3 Bg7 7. Be3 Nc6 8. Qd2
O-O 9. O-O-O d5 10. Kb1 Nxd4 11. Bxd4 dxe4 12. fxe4 Be6 13. Qe1 Qa5 14. Nd5
Qxe1 15. Nxe7+ Kh8 16. Rxe1 Rfe8 17. Bc5 Bf8 18. Nd5 Bxd5 19. Bxf8 Nxe4 20. Bb4
a5 21. Bb5 axb4 22. Bxe8 Rxe8 23. b3 Nc3+ 24. Kb2 Ra8 25. Ra1 Bxg2 26. Rhe1 f5
27. Re7 f4 28. a4 Kg8 29. Re5 f3 30. Rg5 Re8 31. h4 Kg7 32. Rg1 Re2 33. Rg4 Re4
0-1

[Event "DEM U10/U10w 2014"]
[Site "Magdeburg GER"]
[Date "2014.06.11"]
[Round "7"]
[White "Krastev, Alexander"]
[Black "Brunner, Sophia"]
[Result "1/2-1/2"]
[Termination "normal"]
[Board "4"]
[WhiteElo "1599"]
[BlackElo "1339"]
[WhiteClock "00:59:37"]
[BlackClock "00:13:37"]
[PlyCount "102"]
[WhiteFideId "12989983"]
[BlackFideId "12960683"]
[EventCountry "GER"]
[EventRounds "11"]
[EventType "swiss"]
[EventDate "2014.06.07"]

1. e4 d5 2. exd5 Qxd5 3. Nc3 Qa5 4. d4 Nf6 5. Bd2 Qb6 6. Nf3 Bg4 7. Be2 e6 8.
h3 Bxf3 9. Bxf3 c6 10. Bc1 Bb4 11. O-O Bxc3 12. bxc3 O-O 13. c4 Rd8 14. c3 e5
15. d5 e4 16. Be3 Qc7 17. Be2 cxd5 18. cxd5 Rxd5 19. Qb3 Nc6 20. Rab1 b6 21.
Bc4 Na5 22. Bxd5 Nxb3 23. Bxa8 Na5 24. Bd4 Nc4 25. Rbd1 Nb2 26. Rd2 Nc4 27. Re2
Nd6 28. f3 exf3 29. Bxf3 Nb5 30. Rfe1 h6 31. Re7 Qc4 32. Bxf6 gxf6 33. Kh1 Qxc3
34. Bh5 Nd6 35. Rd1 Qc5 36. Bf3 Nc4 37. Rxa7 Ne5 38. Bd5 b5 39. Rb7 b4 40. Bb3
Nc4 41. Rc1 Qe3 42. Rxc4 Qe1+ 43. Kh2 Qe5+ 44. Kg1 Qe1+ 45. Kh2 Qe5+ 46. Kg1
Qe1+ 47. Kh2 Qe5+ 48. g3 Qe2+ 49. Kg1 Qe3+ 50. Kf1 Qf3+ 51. Ke1 Qxb7 1/2-1/2

[Event "DEM U10/U10w 2014"]
[Site "Magdeburg GER"]
[Date "2014.06.11"]
[Round "7"]
[White "Post, Hugo"]
[Black "Bui, Bao Anh Le"]
[Result "1-0"]
[Termination "normal"]
[Board "5"]
[WhiteElo "1682"]
[BlackElo "1551"]
[WhiteClock "00:29:59"]
[BlackClock "00:02:46"]
[PlyCount "75"]
[WhiteFideId "12962490"]
[BlackFideId "12970719"]
[EventCountry "GER"]
[EventRounds "11"]
[EventType "swiss"]
[EventDate "2014.06.07"]

1. e4 c5 2. Nf3 d6 3. d4 cxd4 4. Nxd4 Nf6 5. Nc3 a6 6. h3 e5 7. Nde2 Be7 8. g4
Qc7 9. Bg2 Nbd7 10. O-O O-O 11. Ng3 Nb6 12. g5 Ne8 13. a4 a5 14. Nf5 Be6 15.
Nb5 Qd7 16. Nxe7+ Qxe7 17. b3 Qd7 18. Ba3 Rd8 19. Qd2 Bxh3 20. f3 Bxg2 21. Kxg2
f6 22. g6 h6 23. Qxa5 Qc6 24. Qd2 Rd7 25. Rh1 Nc7 26. Na7 Nxa4 27. bxa4 Qc4 28.
Qd3 Qxd3 29. cxd3 Ra8 30. Nb5 Nxb5 31. axb5 d5 32. Bb4 Rb8 33. Rhd1 d4 34. Rdc1
Kh8 35. b6 Kg8 36. Rc7 Rxc7 37. bxc7 Rc8 38. Ra7 1-0

[Event "DEM U10/U10w 2014"]
[Site "Magdeburg GER"]
[Date "2014.06.11"]
[Round "7"]
[White "Hommel, Niclas"]
[Black "Hinrichs, Paul"]
[Result "0-1"]
[Termination "normal"]
[Board "6"]
[WhiteElo "1575"]
[BlackElo "1532"]
[WhiteClock "00:56:10"]
[BlackClock "01:12:28"]
[PlyCount "38"]
[WhiteFideId "12974927"]
[BlackFideId "12942545"]
[EventCountry "GER"]
[EventRounds "11"]
[EventType "swiss"]
[EventDate "2014.06.07"]

1. e4 e5 2. Nf3 Nc6 3. Bb5 a6 4. Bxc6 dxc6 5. O-O Bg4 6. h3 Bh5 7. g4 Bg6 8.
Nxe5 Qh4 9. Qf3 f6 10. Nxg6 hxg6 11. Kg2 O-O-O 12. d3 g5 13. Be3 Ne7 14. Nd2
Kb8 15. Qg3 Qh7 16. Bb6 Rd7 17. Nb3 Ng6 18. Be3 Bd6 19. Qf3 Nh4+ 0-1

[Event "DEM U10/U10w 2014"]
[Site "Magdeburg GER"]
[Date "2014.06.11"]
[Round "7"]
[White "Nguyen, Alex Dac-Vuong"]
[Black "Kirchner, Markus"]
[Result "1/2-1/2"]
[Termination "normal"]
[Board "7"]
[WhiteElo "1812"]
[BlackElo "1409"]
[PlyCount "107"]
[WhiteFideId "12984388"]
[BlackFideId "12979163"]
[EventCountry "GER"]
[EventRounds "11"]
[EventType "swiss"]
[EventDate "2014.06.07"]

1. e4 d5 2. exd5 Qxd5 3. Nc3 Qd6 4. d4 c6 5. Nf3 Bg4 6. Be2 Nf6 7. Be3 e6 8.
Qd2 Qc7 9. h3 Bxf3 10. Bxf3 Bd6 11. Ne4 Nxe4 12. Bxe4 Nd7 13. O-O Nf6 14. Bf3
O-O 15. c4 Rad8 16. Qc3 Rfe8 17. Bg5 Be7 18. Rfe1 Qb6 19. c5 Qc7 20. Be3 Rd7
21. g3 Red8 22. Bf4 Qc8 23. Rad1 Nd5 24. Bxd5 Rxd5 25. b4 Qd7 26. Be3 Bf6 27.
Qa3 a6 28. Qa5 Bxd4 29. Bxd4 Rxd4 30. Rxd4 Qxd4 31. Re4 Qd7 32. Qb6 Rc8 33. Re3
Qc7 34. Rd3 Qxb6 35. cxb6 Kf8 36. Rd7 Rb8 37. Kg2 g6 38. f4 Kg7 39. g4 h6 40.
g5 hxg5 41. fxg5 Kf8 42. Kf3 Ke8 43. Rc7 Kf8 44. Ke4 Kg8 45. Rd7 Kf8 46. Ke5
Ke8 47. Rc7 Rd8 48. h4 Rd7 49. Rc8+ Ke7 50. Rb8 Rd5+ 51. Ke4 Rb5 52. Rxb7+ Kd6
53. a3 Re5+ 54. Kd4 1/2-1/2

[Event "DEM U10/U10w 2014"]
[Site "Magdeburg GER"]
[Date "2014.06.11"]
[Round "7"]
[White "Pauls, Fynn"]
[Black "Wu, Leon"]
[Result "0-1"]
[Termination "normal"]
[Board "8"]
[WhiteElo "1382"]
[BlackElo "1568"]
[PlyCount "54"]
[WhiteFideId "16213149"]
[BlackFideId "12977438"]
[EventCountry "GER"]
[EventRounds "11"]
[EventType "swiss"]
[EventDate "2014.06.07"]

1. d4 Nf6 2. c4 e6 3. Nc3 Bb4 4. Bg5 h6 5. Bh4 c5 6. e3 Qa5 7. Qc2 Ne4 8. Nge2
d5 9. cxd5 exd5 10. a3 cxd4 11. exd4 O-O 12. Qc1 Bxc3+ 13. bxc3 Re8 14. Kd1 Bd7
15. Qb2 Ba4+ 16. Kc1 Rc8 17. Qb4 Qa6 18. f3 Nd6 19. Be1 Bb5 20. Ng3 Bxf1 21.
Rxf1 Rc4 22. Qb3 Nc6 23. Kd1 Na5 24. Qb2 Rc7 25. Qe2 Nac4 26. Rf2 Re8 27. Qd3
Qa4+ 0-1

[Event "DEM U10/U10w 2014"]
[Site "Magdeburg GER"]
[Date "2014.06.11"]
[Round "7"]
[White "Asadzade, Idris"]
[Black "Buchloh, Adrian"]
[Result "1-0"]
[Termination "normal"]
[Board "9"]
[WhiteElo "1448"]
[BlackElo "1463"]
[PlyCount "59"]
[WhiteFideId "12997285"]
[BlackFideId "12960675"]
[EventCountry "GER"]
[EventRounds "11"]
[EventType "swiss"]
[EventDate "2014.06.07"]

1. d4 c5 2. e3 e6 3. Nf3 d5 4. c4 Nf6 5. Nc3 Nc6 6. dxc5 Bxc5 7. cxd5 exd5 8.
Bb5 O-O 9. O-O Be6 10. Qe2 Qc7 11. b3 Rad8 12. Rd1 Ne7 13. Bb2 a6 14. Bd3 Rd7
15. Rac1 Qb8 16. Na4 Bd6 17. Nc5 Bxc5 18. Rxc5 Ng6 19. Rdc1 Rdd8 20. Ng5 Bd7
21. Bxf6 gxf6 22. Nh3 Bxh3 23. gxh3 Rfe8 24. Kh1 Rc8 25. Qc2 Rcd8 26. Bxg6 fxg6
27. Rc7 Rf8 28. Rg1 Kh8 29. Rxh7+ Kg8 30. Qxg6# 1-0

[Event "DEM U10/U10w 2014"]
[Site "Magdeburg GER"]
[Date "2014.06.11"]
[Round "7"]
[White "Yi, Danny"]
[Black "Deleré, Adrian"]
[Result "0-1"]
[Termination "normal"]
[Board "10"]
[WhiteElo "1369"]
[BlackElo "1447"]
[PlyCount "106"]
[WhiteFideId "12988588"]
[BlackFideId "12990400"]
[EventCountry "GER"]
[EventRounds "11"]
[EventType "swiss"]
[EventDate "2014.06.07"]

1. e4 e5 2. Nf3 Nc6 3. Bc4 Bc5 4. c3 Nf6 5. d4 exd4 6. cxd4 Bb4+ 7. Nc3 Nxe4 8.
O-O Bxc3 9. d5 Bf6 10. Re1 Ne7 11. Rxe4 d6 12. Bg5 Bxg5 13. Nxg5 h6 14. Qe2
hxg5 15. Re1 Be6 16. dxe6 f6 17. Bb3 c6 18. Qd2 Qc7 19. h3 O-O-O 20. Qe3 Kb8
21. Ra4 Qb6 22. Qxb6 axb6 23. Rb4 b5 24. a4 bxa4 25. Rxa4 Kc7 26. Rea1 d5 27.
Rd4 Rd6 28. Re1 Re8 29. Rd2 Ng6 30. Rc2 Ne5 31. Rd1 Kb8 32. g3 Rdxe6 33. f4
gxf4 34. gxf4 Nd7 35. Rd3 Re3 36. Rcc3 Rxd3 37. Rxd3 Nc5 38. Rc3 Nxb3 39. Rxb3
Kc7 40. Rg3 Re7 41. f5 b6 42. Kf2 c5 43. Rd3 d4 44. Rg3 b5 45. Rb3 Kc6 46. Rg3
c4 47. Rf3 d3 48. Rg3 Kc5 49. Rg1 Kb4 50. h4 Kb3 51. h5 Kxb2 52. Kg3 d2 53. Kh2
Kc2 0-1

[Event "DEM U10/U10w 2014"]
[Site "Magdeburg GER"]
[Date "2014.06.11"]
[Round "7"]
[White "Sulayev, Daniel"]
[Black "Musiolik, David"]
[Result "1/2-1/2"]
[Termination "normal"]
[Board "11"]
[WhiteElo "1584"]
[BlackElo "1435"]
[PlyCount "47"]
[WhiteFideId "12977675"]
[BlackFideId "12972355"]
[EventCountry "GER"]
[EventRounds "11"]
[EventType "swiss"]
[EventDate "2014.06.07"]

1. e4 e6 2. d4 d5 3. Nc3 Bb4 4. e5 Nd7 5. a3 Bxc3+ 6. bxc3 Ne7 7. Bd3 a6 8. Qg4
O-O 9. Nf3 Re8 10. Bh6 Ng6 11. Bg5 Ne7 12. Bxe7 Qxe7 13. Bxh7+ Kxh7 14. Qh5+
Kg8 15. Ng5 Nf8 16. Rd1 Bd7 17. Rd3 f6 18. Rh3 fxg5 19. Qh8+ Kf7 20. Rf3+ Kg6
21. Rh3 Kf7 22. Rf3+ Kg6 23. Rh3 Kf7 24. Rf3+ 1/2-1/2

[Event "DEM U10/U10w 2014"]
[Site "Magdeburg GER"]
[Date "2014.06.11"]
[Round "7"]
[White "Hundrieser, Malte"]
[Black "Kunisch, Nina"]
[Result "1-0"]
[Termination "normal"]
[Board "12"]
[WhiteElo "1429"]
[BlackElo "1201"]
[PlyCount "121"]
[WhiteFideId "12997153"]
[BlackFideId "12982849"]
[EventCountry "GER"]
[EventRounds "11"]
[EventType "swiss"]
[EventDate "2014.06.07"]

1. e4 c6 2. d4 d5 3. Nc3 dxe4 4. Nxe4 Bf5 5. Ng3 Bg6 6. Nf3 Nf6 7. Bd3 Bxd3 8.
Qxd3 e6 9. O-O Bd6 10. Ne4 Nxe4 11. Qxe4 Nd7 12. Bd2 Nf6 13. Qd3 O-O 14. Rfe1
c5 15. dxc5 Bxc5 16. Qb3 b6 17. Rad1 Qc7 18. h3 a5 19. Bc3 a4 20. Qb5 Nd5 21.
Qd3 Rad8 22. Ng5 Nf6 23. Qf3 Rxd1 24. Rxd1 e5 25. Qf5 Bd4 26. Bxd4 exd4 27.
Rxd4 Re8 28. f3 Qg3 29. Ne4 Qe1+ 30. Kh2 Nxe4 31. Rxe4 Rxe4 32. Qxe4 Qxe4 33.
fxe4 f6 34. Kg3 Kf7 35. Kf3 Ke6 36. Ke3 Kd6 37. Kd4 b5 38. b3 a3 39. c4 bxc4
40. Kxc4 Kc6 41. b4 g6 42. Kb3 Kb5 43. Kxa3 h6 44. Kb3 g5 45. a4+ Kb6 46. Kc4
h5 47. a5+ Kc6 48. b5+ Kc7 49. Kc5 g4 50. a6 gxh3 51. gxh3 h4 52. b6+ Kb8 53.
Kc6 Kc8 54. b7+ Kd8 55. b8=Q+ Ke7 56. Qd6+ Kf7 57. a7 Kg6 58. a8=Q Kg5 59. Qg8+
Kh5 60. Qde6 f5 61. Qeg6# 1-0

[Event "DEM U10/U10w 2014"]
[Site "Magdeburg GER"]
[Date "2014.06.11"]
[Round "7"]
[White "Taras, Simon"]
[Black "Hassemeier, Mika"]
[Result "1/2-1/2"]
[Termination "normal"]
[Board "13"]
[WhiteElo "1319"]
[BlackElo "1409"]
[PlyCount "50"]
[WhiteFideId "12970972"]
[BlackFideId "12994880"]
[EventCountry "GER"]
[EventRounds "11"]
[EventType "swiss"]
[EventDate "2014.06.07"]

1. d4 c5 2. d5 d6 3. e4 Nf6 4. Nc3 g6 5. Bg5 Bg7 6. Bd3 O-O 7. Nge2 Nbd7 8. Qd2
Ne5 9. b3 Bg4 10. h3 Bxe2 11. Bxe2 Qa5 12. f4 Ned7 13. O-O Rae8 14. a4 Nxd5 15.
Bb5 N5b6 16. Rf3 Qb4 17. Rd1 Qd4+ 18. Qxd4 Bxd4+ 19. Kh1 a5 20. Nd5 Ra8 21.
Bxe7 Rfc8 22. Bxd6 Nxd5 23. Bxd7 Rd8 24. Bxc5 Rxd7 25. Rxd4 Rc8 1/2-1/2

[Event "DEM U10/U10w 2014"]
[Site "Magdeburg GER"]
[Date "2014.06.11"]
[Round "7"]
[White "Astner, Sebastian"]
[Black "Weihrauch, Jakob"]
[Result "0-1"]
[Termination "normal"]
[Board "14"]
[WhiteElo "1389"]
[BlackElo "1220"]
[PlyCount "72"]
[WhiteFideId "12979422"]
[BlackFideId "16210115"]
[EventCountry "GER"]
[EventRounds "11"]
[EventType "swiss"]
[EventDate "2014.06.07"]

1. e4 c5 2. Nc3 d6 3. Nf3 Nf6 4. Bc4 Nc6 5. Ng5 e6 6. f4 Be7 7. O-O O-O 8. d3
d5 9. Bb5 a6 10. Bxc6 bxc6 11. Rf3 Qb6 12. Rh3 d4 13. e5 dxc3 14. exf6 Bxf6 15.
Nxh7 Bd4+ 16. Kh1 f5 17. Ng5 g6 18. b3 Kg7 19. Rh7+ Kg8 20. g4 Ra7 21. Rh6 Rg7
22. gxf5 exf5 23. Qe2 Qd8 24. Be3 Qd5+ 25. Kg1 Re8 26. Rh3 Rge7 27. Bxd4 Qxd4+
28. Qf2 Qxf2+ 29. Kxf2 Re2+ 30. Kf1 Rxc2 31. Nf3 Ree2 32. d4 Rf2+ 33. Ke1 Rce2+
34. Kd1 c2+ 35. Kc1 Rf1+ 36. Kb2 c1=Q# 0-1

[Event "DEM U10/U10w 2014"]
[Site "Magdeburg GER"]
[Date "2014.06.11"]
[Round "7"]
[White "Kamp, Adrian"]
[Black "Gelfenbaum, Daniel"]
[Result "0-1"]
[Termination "normal"]
[Board "15"]
[WhiteElo "1310"]
[BlackElo "1719"]
[PlyCount "106"]
[WhiteFideId "16222466"]
[BlackFideId "12965634"]
[EventCountry "GER"]
[EventRounds "11"]
[EventType "swiss"]
[EventDate "2014.06.07"]

1. e4 c6 2. d4 d5 3. exd5 cxd5 4. Bd3 Nf6 5. Nf3 Nc6 6. c3 e6 7. Bf4 Bd6 8.
Bxd6 Qxd6 9. O-O O-O 10. Nbd2 Re8 11. Re1 b6 12. Ne5 Bb7 13. Qe2 Nd7 14. Ndf3
Ndxe5 15. Nxe5 Nxe5 16. Qxe5 Qxe5 17. Rxe5 Rac8 18. Rae1 h6 19. f4 a6 20. f5
Rc6 21. Rxd5 Rxc3 22. bxc3 Bxd5 23. c4 Bc6 24. d5 exd5 25. Rxe8+ Bxe8 26. cxd5
a5 27. Kf2 Kf8 28. Ke3 Ke7 29. Ke4 f6 30. g4 Kd6 31. Kd4 Bf7 32. Bc4 b5 33.
Bxb5 Bxd5 34. a3 Bf3 35. h3 Bg2 36. h4 Bf3 37. g5 hxg5 38. hxg5 fxg5 39. Ke3 g4
40. Kf4 Kc5 41. Ba4 Kc4 42. Bd7 Kb3 43. a4 Kb4 44. Bb5 Kc3 45. Kg3 Kd2 46. Bd7
Ke3 47. Bc8 Ke4 48. Be6 Bd1 49. Bc8 Ke5 50. Be6 g6 51. Bd7 gxf5 52. Bb5 f4+ 53.
Kf2 Kd4 0-1

[Event "DEM U10/U10w 2014"]
[Site "Magdeburg GER"]
[Date "2014.06.11"]
[Round "7"]
[White "Lohr, Maximilian"]
[Black "Bethke, Richard"]
[Result "0-1"]
[Termination "normal"]
[Board "16"]
[WhiteElo "1420"]
[BlackElo "1627"]
[PlyCount "90"]
[WhiteFideId "12999717"]
[BlackFideId "12959243"]
[EventCountry "GER"]
[EventRounds "11"]
[EventType "swiss"]
[EventDate "2014.06.07"]

1. e4 c6 2. d4 d5 3. exd5 cxd5 4. c4 e6 5. Nc3 Nf6 6. Nf3 Nbd7 7. cxd5 exd5 8.
Bb5 Be7 9. h3 a6 10. Ba4 b5 11. Bb3 Nb6 12. Qe2 O-O 13. O-O Re8 14. Ne5 Bd6 15.
f4 Nc4 16. Qd3 Qc7 17. Bc2 Bb7 18. b3 Nb6 19. Rf3 Rac8 20. Bb2 b4 21. Raf1 bxc3
22. Bxc3 Ne4 23. Ba5 Qxc2 24. Qxc2 Rxc2 25. Bxb6 Rxa2 26. Re3 Rc2 27. Rfe1 Rc3
28. g3 Rec8 29. Nd7 Rxe3 30. Rxe3 Rc3 31. Rxc3 Nxc3 32. Nc5 Bxc5 33. Bxc5 Ne4
34. Kg2 Nxc5 35. dxc5 Kf8 36. b4 Ke8 37. Kf3 d4+ 38. Ke2 Be4 39. g4 Kd7 40. f5
f6 41. Kf2 Kc6 42. Kg3 d3 43. Kf2 Kb5 44. Ke3 Kxb4 45. Kxe4 d2 0-1

[Event "DEM U10/U10w 2014"]
[Site "Magdeburg GER"]
[Date "2014.06.11"]
[Round "7"]
[White "Prieb, Robert"]
[Black "Kosev, Momchil"]
[Result "1/2-1/2"]
[Termination "normal"]
[Board "17"]
[WhiteElo "1260"]
[BlackElo "1483"]
[PlyCount "82"]
[WhiteFideId "16212002"]
[BlackFideId "12975982"]
[EventCountry "GER"]
[EventRounds "11"]
[EventType "swiss"]
[EventDate "2014.06.07"]

1. d4 Nf6 2. Nf3 g6 3. g3 Bg7 4. Bg2 O-O 5. O-O d5 6. Nc3 b6 7. Bf4 Bb7 8. Nb5
Na6 9. e3 c6 10. Nc3 Nc7 11. a4 Ne6 12. Be5 Qd7 13. b4 Ba6 14. Re1 Bc4 15. Nd2
Ba6 16. Nb3 Nc7 17. a5 Bb7 18. axb6 axb6 19. Qd2 Ba6 20. Na4 Rfb8 21. Nac5 bxc5
22. Nxc5 Qc8 23. Bxc7 Rb5 24. Bf4 Nd7 25. Nxa6 Rxa6 26. Bh3 Rxa1 27. Rxa1 f5
28. Rc1 Qb7 29. c3 Nf6 30. f3 e6 31. Ra1 Qd7 32. Qa2 Kf7 33. Qa7 Rb7 34. Qc5
Bf8 35. Qa5 Bg7 36. Bf1 Bf8 37. Qa8 Bg7 38. Qa5 Bf8 39. Qa8 Bg7 40. Qa5 Bf8 41.
Qa8 Bg7 1/2-1/2

[Event "DEM U10/U10w 2014"]
[Site "Magdeburg GER"]
[Date "2014.06.11"]
[Round "7"]
[White "Evering, Sören"]
[Black "Marschall, Tillmann"]
[Result "1/2-1/2"]
[Termination "normal"]
[Board "18"]
[WhiteElo "1424"]
[BlackElo "1423"]
[PlyCount "66"]
[WhiteFideId "12974650"]
[BlackFideId "12973220"]
[EventCountry "GER"]
[EventRounds "11"]
[EventType "swiss"]
[EventDate "2014.06.07"]

1. e4 c6 2. d4 d5 3. f3 dxe4 4. fxe4 Nf6 5. e5 Nd5 6. c4 Nb6 7. Nc3 Bf5 8. Be3
e6 9. Nf3 N8d7 10. Be2 Be7 11. O-O O-O 12. Rc1 Bb4 13. a3 Bxc3 14. Rxc3 Qe7 15.
Bd3 Bg6 16. Bxg6 fxg6 17. Bg5 Qe8 18. b4 h6 19. Be3 Rd8 20. a4 a6 21. a5 Na8
22. d5 exd5 23. cxd5 Nxe5 24. Bc5 Rf7 25. Nxe5 Rxf1+ 26. Qxf1 Qxe5 27. Rf3 Nc7
28. d6 Nb5 29. Re3 Qf5 30. Rf3 Qe5 31. Re3 Qf5 32. Rf3 Qe5 33. Re3 Qf5 1/2-1/2

[Event "DEM U10/U10w 2014"]
[Site "Magdeburg GER"]
[Date "2014.06.11"]
[Round "7"]
[White "Grund, Sebastian"]
[Black "Schnabel, Luise"]
[Result "1/2-1/2"]
[Termination "normal"]
[Board "19"]
[WhiteElo "1424"]
[BlackElo "1369"]
[PlyCount "85"]
[WhiteFideId "12988626"]
[BlackFideId "12943347"]
[EventCountry "GER"]
[EventRounds "11"]
[EventType "swiss"]
[EventDate "2014.06.07"]

1. Nf3 Nf6 2. g3 g6 3. Bg2 Bg7 4. O-O O-O 5. c4 d6 6. d3 Nbd7 7. Nc3 e5 8. Rb1
a5 9. a3 Re8 10. Qc2 Rb8 11. b4 axb4 12. axb4 b6 13. Bb2 Bb7 14. Rfd1 Qe7 15.
Ra1 Ra8 16. Nb5 Rxa1 17. Rxa1 c6 18. Nc3 Ra8 19. Rxa8+ Bxa8 20. Qa4 Qd8 21. Ng5
Qc8 22. b5 d5 23. cxd5 cxd5 24. Qa2 h6 25. Nf3 Bb7 26. Nd2 d4 27. Nce4 Nxe4 28.
Nxe4 Bxe4 29. Bxe4 Qc2 30. Bf3 Nc5 31. Qa8+ Bf8 32. Ba3 Kg7 33. Qb8 Qb1+ 34.
Kg2 Qxb5 35. Qxe5+ Kg8 36. Bd5 Qd7 37. Bc4 Nxd3 38. Bxd3 Bxa3 39. Qb8+ Kg7 40.
Qxb6 Qd6 41. Qb7 Qe5 42. Bc4 Qe7 43. Qxe7 1/2-1/2

[Event "DEM U10/U10w 2014"]
[Site "Magdeburg GER"]
[Date "2014.06.11"]
[Round "7"]
[White "Bergauz, Igal"]
[Black "Schmidtmann, Samantha"]
[Result "1-0"]
[Termination "normal"]
[Board "20"]
[WhiteElo "1783"]
[BlackElo "1403"]
[PlyCount "55"]
[WhiteFideId "12977284"]
[BlackFideId "12956759"]
[EventCountry "GER"]
[EventRounds "11"]
[EventType "swiss"]
[EventDate "2014.06.07"]

1. e4 c5 2. Nf3 d6 3. d4 cxd4 4. Nxd4 Nf6 5. Nc3 a6 6. h3 e6 7. g4 b5 8. Bg2
Bb7 9. a3 Nfd7 10. O-O Nb6 11. Nde2 N8d7 12. Ng3 Qc7 13. a4 b4 14. Nce2 a5 15.
b3 Be7 16. Bb2 Bf6 17. Bxf6 Nxf6 18. Nd4 Ba6 19. Re1 d5 20. exd5 Nfxd5 21. Nxe6
fxe6 22. Rxe6+ Kf7 23. Bxd5 Nxd5 24. Qxd5 Rhd8 25. Qf5+ Kg8 26. Qe4 Bb7 27. Qe2
Ba6 28. Rxa6 1-0

[Event "DEM U10/U10w 2014"]
[Site "Magdeburg GER"]
[Date "2014.06.11"]
[Round "7"]
[White "Ziegenfuß, Antonia"]
[Black "Breitzmann, Sander"]
[Result "0-1"]
[Termination "normal"]
[Board "21"]
[WhiteElo "1705"]
[BlackElo "1220"]
[PlyCount "68"]
[WhiteFideId "12962554"]
[BlackFideId "12987085"]
[EventCountry "GER"]
[EventRounds "11"]
[EventType "swiss"]
[EventDate "2014.06.07"]

1. e4 e5 2. Nc3 Bc5 3. Bc4 d6 4. d3 Nc6 5. f4 Bxg1 6. Rxg1 Qh4+ 7. g3 Qxh2 8.
Be3 Nf6 9. Qd2 Qxd2+ 10. Bxd2 Nd4 11. O-O-O Bg4 12. Rdf1 Bh3 13. Rd1 Ng4 14.
Kb1 Nf2 15. Rc1 Nf3 16. Rgd1 Nxd1 17. Rxd1 Nxd2+ 18. Rxd2 exf4 19. gxf4 Be6 20.
Bxe6 fxe6 21. Re2 Kd7 22. e5 Raf8 23. Re4 h5 24. Ne2 a6 25. Re3 h4 26. Rh3 dxe5
27. fxe5 Rf1+ 28. Nc1 g5 29. c3 g4 30. Rh2 g3 31. Rd2 h3 32. Kc2 h2 33. Ne2 g2
34. Ng3 g1=Q 0-1